deutsch und englisch ähnliche Wörter - Statistiken

Allgemein
  • Dieses Quiz wurde 151 mal gespielt
    145 seit der letzten Aktualisierung
  • Das Durchschnittsergebnis liegt bei 42 aus 54
Antwortstatistiken
Flag of Germany Flag of the United Kingdom (3-5).svg % Korrekt
Eis ice
97%
blau blue
93%
rot red
93%
Buch book
92%
braun brown
92%
Katze cat
92%
tanzen dance
92%
trinken drink
92%
Freund friend
92%
grün green
92%
allein alone
91%
Haar hair
91%
neu new
91%
Milch milk
90%
richtig right
90%
grau grey
89%
lernen learn
88%
Kuh cow
86%
Fuβ foot
86%
kochen cook
84%
oft often
84%
Sohn son
84%
lachen laugh
83%
Maus mouse
83%
besser better
81%
Knie knee
81%
Qualität quality
81%
Tochter daughter
80%
Diamant diamond
80%
falsch false
80%
Nuss nut
80%
Krone crown
79%
Foto photo
78%
sieben seven
77%
effektiv effective
76%
Bogen bow
75%
Akzent accent
74%
heilig holy
74%
Justiz justice
74%
Paar pair
74%
Gast guest
73%
Saison season
70%
religös religious
69%
Soße sauce
69%
Fieber fever
67%
Athlet athlete
64%
Ellbogen elbow
64%
pur pure
62%
Juwel jewel
56%
intensiv intense
48%
Einfluss influence
45%
Rezept recipe
40%
Preis prize
34%
Kessel/Wasserkocher kettle
25%
Keine übereinstimmenden Quizze gefunden
Verteilung der Resultate
Anzahl Personen mit jedem Resultat
Perzentil nach korrekt beantworteten Fragen
Ihre Resultats-Entwicklung
Sie haben dieses Quiz seit der letzten Aktualisierung nicht gespielt